[Event "Moscow-chT"]
[Site "Moscow"]
[Date "2016.10.22"]
[Round "3.3"]
[White "Rjanova, Valery"]
[Black "Minsky, A."]
[Result "0-1"]
[WhiteElo "2173"]
[BlackElo "2269"]
[PlyCount "94"]
[EventDate "2016.10.18"]
[EventType "team-swiss"]
[EventRounds "9"]
[EventCountry "RUS"]
[SourceTitle "CBM 175 Extra"]
[Source "ChessBase"]
[SourceDate "2016.12.12"]
[SourceVersion "1"]
[SourceVersionDate "2016.12.12"]
[SourceQuality "1"]
[WhiteTeam "MGU (W)"]
[BlackTeam "Automatika"]
[WhiteTeamCountry "RUS"]
[BlackTeamCountry "RUS"]

1. e4 e6 2. d4 d5 3. exd5 exd5 4. Nf3 Nf6 5. Bg5 Be7 6. Bd3 h6 7. Bh4 g5 8. Bg3 Ne4 9. Nbd2 Nxg3 10. hxg3 Bg4 11. c3 Nc6 12. Qa4 Kf8 13. 0-0-0 a6 14. Rde1 b5 15. Qc2 b4 16. c4 b3 17. axb3 Nb4 18. Qb1 Bxf3 19. gxf3 c5 20. cxd5 cxd4 21. Bc4 d3 22. Bxd3 Rc8+ 23. Bc4 Qxd5 24. Kd1 Qd7 25. Re2 Kg7 26. Ke1 Nc6 27. Kf1 Bb4 28. Ne4 Ne5 29. Bxa6 Ra8 30. Bc4 Nxf3 31. Kg2 Nd4 32. Rd1 Rad8 33. Re3 Qb7 34. f3 Rhe8 35. Red3 Rxe4 36. fxe4 Qxe4+ 37. Kg1 Bc5 38. Rxd4 Qf3 39. Kh2 Bxd4 40. Qc2 Bf2 41. Rd3 Bxg3+ 42. Kg1 Rxd3 43. Bxd3 Be5 44. Qc4 g4 45. Be2 Qe3+ 46. Kh1 h5 47. Kg2 Bd4 0-1

[Event "Moscow op-B (Women)"]
[Site "Moscow"]
[Date "2015.02.01"]
[Round "2"]
[White "Cyfka, Karina"]
[Black "Rjanova, Valery"]
[Result "1-0"]
[WhiteElo "2415"]
[BlackElo "2160"]
[PlyCount "63"]
[EventDate "2015.01.31"]
[EventType "swiss"]
[EventRounds "9"]
[EventCountry "RUS"]
[SourceTitle "CBM 164 Extra"]
[Source "ChessBase"]
[SourceDate "2015.03.02"]
[SourceVersion "1"]
[SourceVersionDate "2015.03.02"]
[SourceQuality "1"]

1. d4 d5 2. c4 e6 3. Nf3 c6 4. e3 f5 5. Bd3 Nf6 6. 0-0 Bd6 7. b3 Qe7 8. Bb2 0-0 9. Qc1 b6 10. Ba3 c5 11. dxc5 bxc5 12. cxd5 Nxd5 13. Nbd2 Nb4 14. Be2 Ba6 15. Nc4 N8c6 16. Bb2 Bc7 17. a3 Nd5 18. Qc2 Rab8 19. Rac1 Bb5 20. Rfd1 Rfd8 21. Bf1 Nf6 22. Ncd2 Bxf1 23. Rxf1 Rd5 24. b4 Bb6 25. b5 Na5 26. Bc3 Rbd8 27. h3 Kh8 28. a4 Bc7 29. Rfe1 Rd3 30. Bd4 cxd4 31. Qxd3 e5 32. Qxf5 1-0

[Event "RSSS-ch (Women)"]
[Site "Ekaterinburg"]
[Date "2014.09.29"]
[Round "6"]
[White "Yarullina, Alina"]
[Black "Rjanova, Valery"]
[Result "1/2-1/2"]
[WhiteElo "2084"]
[BlackElo "2127"]
[PlyCount "53"]
[EventDate "2014.09.23"]
[EventType "swiss"]
[EventRounds "9"]
[EventCountry "RUS"]
[SourceTitle "EXT 2016"]
[Source "ChessBase"]
[SourceDate "2015.10.08"]
[SourceVersion "1"]
[SourceVersionDate "2015.10.08"]
[SourceQuality "1"]

1. e4 e5 2. Nf3 Nf6 3. Nxe5 Nxe4 4. Qe2 Qe7 5. Qxe4 d6 6. d4 dxe5 7. Qxe5 Qxe5+ 8. dxe5 Bf5 9. c3 Nd7 10. Bf4 0-0-0 11. Bc4 Nxe5 12. Bxe5 Re8 13. 0-0 Rxe5 14. Nd2 Bc5 15. Nf3 Re7 16. Rfe1 Rxe1+ 17. Rxe1 f6 18. h3 a5 19. Be6+ Bxe6 20. Rxe6 Rd8 21. Kf1 Rd1+ 22. Re1 Rd8 23. Re6 Rd1+ 24. Re1 Rd8 25. Re6 Rd1+ 26. Re1 Rd8 27. Re6 1/2-1/2

[Event "RSSS-ch (Women)"]
[Site "Ekaterinburg"]
[Date "2014.09.25"]
[Round "2"]
[White "Golovina, Darya"]
[Black "Rjanova, Valery"]
[Result "0-1"]
[WhiteElo "2035"]
[BlackElo "2127"]
[PlyCount "46"]
[EventDate "2014.09.23"]
[EventType "swiss"]
[EventRounds "9"]
[EventCountry "RUS"]
[SourceTitle "EXT 2016"]
[Source "ChessBase"]
[SourceDate "2015.10.08"]
[SourceVersion "1"]
[SourceVersionDate "2015.10.08"]
[SourceQuality "1"]

1. e4 e5 2. Nc3 Nf6 3. Bc4 Nc6 4. d3 Na5 5. Bb3 Nxb3 6. axb3 d5 7. exd5 Bb4 8. Bd2 Nxd5 9. Nxd5 Bxd2+ 10. Qxd2 Qxd5 11. f3 0-0 12. Ne2 b6 13. 0-0 Bb7 14. Kh1 a5 15. Ng3 f5 16. Qg5 g6 17. Ra4 Qd8 18. Qh6 f4 19. Ne4 Rf5 20. g4 fxg3 21. Nxg3 Rxf3 22. Kg1 Rxf1+ 23. Kxf1 Qf6+ 0-1

[Event "Nezhmetdinov Memorial 36th"]
[Site "Kazan"]
[Date "2014.06.03"]
[Round "4"]
[White "Mischeryakov, Alexey"]
[Black "Rjanova, Valery"]
[Result "0-1"]
[WhiteElo "1945"]
[BlackElo "2131"]
[PlyCount "114"]
[EventDate "2014.05.31"]
[EventType "swiss"]
[EventRounds "9"]
[EventCountry "RUS"]
[SourceTitle "CBM 160 Extra"]
[Source "ChessBase"]
[SourceDate "2014.07.01"]
[SourceVersion "1"]
[SourceVersionDate "2014.07.01"]
[SourceQuality "1"]

1. e4 c5 2. f4 Nc6 3. Nf3 g6 4. c3 d5 5. e5 d4 6. Bc4 Bg7 7. Ng5 Nh6 8. 0-0 0-0 9. d3 Na5 10. Bb5 a6 11. Ba4 b5 12. Bc2 Nf5 13. Nf3 Bb7 14. g4 Nh6 15. h3 f6 16. cxd4 cxd4 17. exf6 exf6 18. Nbd2 Kh8 19. b4 Nc6 20. a3 f5 21. g5 Nf7 22. Nb3 Qd6 23. Nc5 Bc8 24. Bb3 Nfd8 25. Re1 Ra7 26. Bd2 Ne7 27. Ne5 Nec6 28. Nf3 Re7 29. Rxe7 Nxe7 30. Qe2 Nd5 31. Ne5 Ne6 32. Nxe6 Bxe6 33. Rc1 Nc3 34. Nxg6+ hxg6 35. Qxe6 Qxe6 36. Bxe6 Ne2+ 37. Kf2 Nxc1 38. Bxc1 Re8 39. Bf7 Rc8 40. Bd2 Kh7 41. Bb3 Bf8 42. h4 Bd6 43. Kf3 Rc7 44. Ke2 a5 45. Kd1 Kg7 46. Ke2 axb4 47. axb4 Kf8 48. Kf3 Ra7 49. h5 Ra3 50. Bd5 gxh5 51. Be6 Rxd3+ 52. Ke2 Ra3 53. Bxf5 h4 54. Be6 h3 55. f5 h2 56. Bd5 Ra1 57. Be1 d3+ 0-1

[Event "Chigorin Memorial 21st"]
[Site "St Petersburg"]
[Date "2013.10.11"]
[Round "7"]
[White "Tologontegin, Semetey"]
[Black "Rjanova, Valery"]
[Result "1-0"]
[WhiteElo "2350"]
[BlackElo "2192"]
[PlyCount "99"]
[EventDate "2013.10.05"]
[EventType "swiss"]
[EventRounds "9"]
[EventCountry "RUS"]
[SourceTitle "CBM 156 Extra"]
[Source "ChessBase"]
[SourceDate "2013.10.22"]
[SourceVersion "1"]
[SourceVersionDate "2013.10.22"]
[SourceQuality "1"]

1. e4 c6 2. d4 d5 3. e5 c5 4. dxc5 e6 5. a3 Bxc5 6. Qg4 Ne7 7. b4 Bb6 8. Nf3 Ng6 9. Bd3 Nc6 10. Bb2 Bc7 11. 0-0 Kf8 12. Rd1 Bd7 13. h4 Qb8 14. Qg5 d4 15. Nxd4 Ncxe5 16. Bb5 h6 17. Qd2 Bxb5 18. Nxb5 Nc4 19. Qc3 Bh2+ 20. Kh1 Nxb2 21. g3 Na4 22. Qf3 Nxh4 23. Qd3 Bxg3 24. fxg3 Nf5 25. g4 Ne7 26. c4 g5 27. Nd6 h5 28. Rf1 hxg4+ 29. Kg1 Nf5 30. Rxf5 exf5 31. c5 Rh6 32. Nd2 Qc7 33. Qxf5 Rxd6 34. cxd6 Qxd6 35. Rf1 Qg3+ 36. Kh1 Qh3+ 37. Kg1 Qg3+ 38. Kh1 Qh3+ 39. Kg1 Qe3+ 40. Rf2 Qg3+ 41. Kh1 Qh4+ 42. Rh2 Qe1+ 43. Nf1 Re8 44. Qf6 Qh4 45. Rxh4 gxh4 46. Qh8+ Ke7 47. Qe5+ Kf8 48. Qd6+ Kg8 49. Qd7 Re1 50. Qxa4 1-0

[Event "RUS-ch U26 (Women)"]
[Site "Saratov"]
[Date "2013.09.28"]
[Round "5"]
[White "Rjanova, Valery"]
[Black "Fedorova, Tatiana"]
[Result "1/2-1/2"]
[WhiteElo "2192"]
[BlackElo "1878"]
[PlyCount "140"]
[EventDate "2013.09.24"]
[EventType "swiss"]
[EventRounds "9"]
[EventCountry "RUS"]
[SourceTitle "EXT 2015"]
[Source "ChessBase"]
[SourceDate "2014.11.20"]
[SourceVersion "1"]
[SourceVersionDate "2014.11.20"]
[SourceQuality "1"]

1. e4 c5 2. Nf3 Nc6 3. Bb5 d6 4. Bxc6+ bxc6 5. 0-0 e5 6. d3 f5 7. Re1 Be7 8. exf5 Bxf5 9. Nbd2 Bg4 10. Nf1 Nf6 11. h3 Be6 12. Ng3 0-0 13. c3 Bd5 14. Nf5 Nd7 15. Nxe7+ Qxe7 16. Ng5 Qf6 17. Qc2 Qg6 18. Ne4 c4 19. dxc4 Bxc4 20. Qd1 d5 21. b3 Ba6 22. Ba3 Rf4 23. Nc5 Bc8 24. Re3 e4 25. Nxd7 Bxd7 26. Bc5 Rf7 27. Qd4 Rf3 28. Kf1 Rf7 29. Kg1 Rf3 30. Kf1 Rf7 31. Rd1 h5 32. Qe5 h4 33. Qd6 Qf5 34. Rd2 a5 35. Re1 Re8 36. Qc7 Re6 37. Qd8+ Kh7 38. Qxh4+ Rh6 39. Qg3 Rg6 40. Qh2 Bc8 41. Bd4 Ba6+ 42. Kg1 Qc8 43. Bc5 Rf3 44. Kh1 Rxc3 45. Be3 Rd3 46. Qe5 Qe6 47. Qxe6 Rxe6 48. Rxd3 exd3 49. Bd2 Re2 50. Rxe2 dxe2 51. Bxa5 Bd3 52. Bd2 c5 53. Kg1 Bb1 54. f3 Bxa2 55. b4 c4 56. Kf2 d4 57. Kxe2 c3 58. Bf4 Bc4+ 59. Kd1 d3 60. h4 d2 61. Bxd2 cxd2 62. Kxd2 Kg6 63. g4 Kf6 64. Ke3 Ke5 65. f4+ Kf6 66. h5 Bb5 67. Kf3 Bc6+ 68. Kg3 Bb5 69. Kh4 Be2 70. Kg3 Bb5 1/2-1/2

[Event "RUS-chT (Women) 14th"]
[Site "Loo"]
[Date "2013.04.08"]
[Round "2"]
[White "Rjanova, Valery"]
[Black "Girya, Olga"]
[Result "0-1"]
[WhiteElo "2170"]
[BlackElo "2464"]
[PlyCount "96"]
[EventDate "2013.04.07"]
[EventType "team-tourn"]
[EventRounds "7"]
[EventCountry "RUS"]
[SourceTitle "CBM 153 Extra"]
[Source "ChessBase"]
[SourceDate "2013.04.22"]
[SourceVersion "1"]
[SourceVersionDate "2013.04.22"]
[SourceQuality "1"]
[WhiteTeam "Saratov Economist (W)"]
[BlackTeam "Moscow Nashe Nasledie (W)"]
[WhiteTeamCountry "RUS"]
[BlackTeamCountry "RUS"]

1. e4 c6 2. d4 d5 3. Nd2 dxe4 4. Nxe4 Bf5 5. Ng3 Bg6 6. h4 h6 7. Nf3 Nd7 8. h5 Bh7 9. Bd3 Bxd3 10. Qxd3 e6 11. Bd2 Ngf6 12. 0-0-0 Be7 13. Kb1 0-0 14. Ne4 c5 15. Nxf6+ Bxf6 16. Be3 cxd4 17. Bxd4 Qc7 18. g4 Rad8 19. Qe3 Bxd4 20. Rxd4 Nb6 21. g5 Rxd4 22. Qxd4 Rc8 23. c3 Rd8 24. Qg4 Qc4 25. Nd4 Qd5 26. Rg1 Qxg5 27. Qxg5 hxg5 28. Rxg5 Kh7 29. Rb5 Rd7 30. a4 Kh6 31. a5 Nc4 32. Nb3 a6 33. Rb4 Rc7 34. Kc2 Kxh5 35. Ra4 e5 36. Nc1 g5 37. b3 Nd6 38. Nd3 f6 39. c4 g4 40. Kd2 Rd7 41. Rb4 Kg5 42. Ke2 Ne4 43. Ke3 Kf5 44. Rb6 Rh7 45. b4 Rd7 46. b5 axb5 47. cxb5 Nc3 48. Nb4 Na4 0-1

[Event "Saratov Region-ch (Women)"]
[Site "Saratov"]
[Date "2012.11.28"]
[Round "3.1"]
[White "Rjanova, Valery"]
[Black "Iljushina, Olga"]
[Result "1/2-1/2"]
[WhiteElo "2205"]
[BlackElo "2333"]
[PlyCount "62"]
[EventDate "2012.11.26"]
[EventType "swiss"]
[EventRounds "7"]
[EventCountry "RUS"]
[SourceTitle "EXT 2014"]
[Source "ChessBase"]
[SourceDate "2013.11.20"]
[SourceVersion "1"]
[SourceVersionDate "2013.11.20"]
[SourceQuality "1"]

1. e4 c5 2. Nc3 Nc6 3. Bb5 g6 4. Bxc6 dxc6 5. d3 Bg7 6. Be3 b6 7. Qd2 e5 8. f4 Qh4+ 9. g3 Qe7 10. 0-0-0 Nf6 11. h3 Nh5 12. Nge2 exf4 13. Nxf4 Nxf4 14. gxf4 Bd7 15. Rdf1 0-0-0 16. f5 Be5 17. Rf3 f6 18. Re1 Rhg8 19. Bf4 g5 20. Bxe5 Qxe5 21. Rg1 h5 22. Nd1 Be8 23. Qe2 Bf7 24. Kb1 c4 25. Nf2 cxd3 26. Nxd3 Qd4 27. Re3 Bc4 28. Rd1 b5 29. b3 Bf7 30. e5 fxe5 31. Rxe5 g4 1/2-1/2

[Event "Chigorin Memorial 20th"]
[Site "St Petersburg"]
[Date "2012.11.03"]
[Round "8"]
[White "Rjanova, Valery"]
[Black "Bondarenko, Dmitry"]
[Result "1-0"]
[WhiteElo "2206"]
[BlackElo "1971"]
[PlyCount "53"]
[EventDate "2012.10.27"]
[EventType "swiss"]
[EventRounds "9"]
[EventCountry "RUS"]
[SourceTitle "EXT 2013"]
[Source "ChessBase"]
[SourceDate "2012.11.22"]
[SourceVersion "1"]
[SourceVersionDate "2012.11.22"]
[SourceQuality "1"]

1. e4 e5 2. Nc3 f5 3. exf5 Nf6 4. d3 Bb4 5. g4 0-0 6. Bg2 c6 7. h3 d5 8. a3 Ba5 9. b4 Bb6 10. Nge2 a5 11. Rb1 axb4 12. axb4 Qd6 13. 0-0 h5 14. Ng3 hxg4 15. hxg4 Kf7 16. g5 Nbd7 17. gxf6 Nxf6 18. Bg5 e4 19. Nce2 Ng4 20. dxe4 Bxf5 21. exf5 Rae8 22. Nd4 Re4 23. Bxe4 dxe4 24. Qxg4 Bxd4 25. Rbd1 Rh8 26. c3 Bxf2+ 27. Rxf2 1-0

[Event "Chigorin Memorial 20th"]
[Site "St Petersburg"]
[Date "2012.11.01"]
[Round "6"]
[White "Rjanova, Valery"]
[Black "Zhelobanov, Roman"]
[Result "1-0"]
[WhiteElo "2206"]
[BlackElo "1912"]
[PlyCount "67"]
[EventDate "2012.10.27"]
[EventType "swiss"]
[EventRounds "9"]
[EventCountry "RUS"]
[SourceTitle "EXT 2013"]
[Source "ChessBase"]
[SourceDate "2012.11.22"]
[SourceVersion "1"]
[SourceVersionDate "2012.11.22"]
[SourceQuality "1"]

1. e4 c6 2. d4 d5 3. Nd2 g6 4. c3 a6 5. Bd3 dxe4 6. Nxe4 Bg7 7. Bf4 Nd7 8. Qe2 Ngf6 9. Nd6+ Kf8 10. Nxc8 Rxc8 11. Nf3 Nd5 12. Bd2 Qc7 13. 0-0 Nf4 14. Qe4 Nxd3 15. Qxd3 h5 16. Rfe1 Bf6 17. Ng5 Kg7 18. Ne4 Rhd8 19. Qe3 e6 20. Qh6+ Kg8 21. Bf4 e5 22. Nxf6+ Nxf6 23. Bxe5 Qe7 24. Re3 Rd5 25. Rae1 Rxe5 26. Rxe5 Qd6 27. h3 Rf8 28. Re7 b5 29. R1e6 Qd8 30. Qg5 Nh7 31. Rxg6+ Kh8 32. Qe5+ f6 33. Rxh7+ Kxh7 34. Qxh5# 1-0

[Event "Chigorin Memorial 20th"]
[Site "St Petersburg"]
[Date "2012.10.31"]
[Round "5"]
[White "Lauda, Alexandr"]
[Black "Rjanova, Valery"]
[Result "1-0"]
[WhiteElo "1991"]
[BlackElo "2206"]
[PlyCount "77"]
[EventDate "2012.10.27"]
[EventType "swiss"]
[EventRounds "9"]
[EventCountry "RUS"]
[SourceTitle "EXT 2013"]
[Source "ChessBase"]
[SourceDate "2012.11.22"]
[SourceVersion "1"]
[SourceVersionDate "2012.11.22"]
[SourceQuality "1"]

1. e4 c5 2. Nf3 Nc6 3. d4 cxd4 4. c3 d3 5. c4 g6 6. Bxd3 Bg7 7. Nc3 d6 8. h3 Nf6 9. 0-0 0-0 10. Bg5 Nd7 11. Rc1 Nc5 12. Bb1 a5 13. Qd2 Re8 14. Nd5 Rb8 15. Bh6 Bh8 16. b3 Bd7 17. Ng5 b5 18. f4 bxc4 19. e5 e6 20. Ne3 cxb3 21. Qxd6 Nb7 22. Qd1 bxa2 23. Bxa2 Nb4 24. Bc4 Bc6 25. Qe2 Nd5 26. Ng4 a4 27. Ne4 Qb6+ 28. Kh1 Rec8 29. Bxd5 Bxd5 30. Ngf6+ Bxf6 31. Nxf6+ Kh8 32. Nd7 Qa5 33. Nxb8 Rxb8 34. f5 exf5 35. e6 f6 36. Qb2 Qd8 37. Rfd1 Nd6 38. e7 Bxg2+ 39. Kh2 1-0

[Event "RUS-ch U26 (Women)"]
[Site "Uljanovsk"]
[Date "2012.09.19"]
[Round "3"]
[White "Rjanova, Valery"]
[Black "Cheremnova, Tamara"]
[Result "0-1"]
[WhiteElo "2208"]
[BlackElo "2243"]
[PlyCount "72"]
[EventDate "2012.09.17"]
[EventType "swiss"]
[EventRounds "9"]
[EventCountry "RUS"]
[SourceTitle "CBM 150 Extra"]
[Source "ChessBase"]
[SourceDate "2012.10.19"]
[SourceVersion "1"]
[SourceVersionDate "2012.10.19"]
[SourceQuality "1"]

1. e4 c6 2. d4 d5 3. Nd2 dxe4 4. Nxe4 Bf5 5. Ng3 Bg6 6. h4 h6 7. N1e2 e6 8. Nf4 Bh7 9. Bc4 Nf6 10. c3 Bd6 11. Ngh5 0-0 12. Be3 Nbd7 13. g4 e5 14. Nxf6+ Qxf6 15. g5 Qf5 16. Bd3 e4 17. Be2 Bxf4 18. Bg4 Qd5 19. Bxf4 e3 20. f3 h5 21. Bxh5 Rfe8 22. Qb3 Qf5 23. Bg3 Nb6 24. 0-0 e2 25. Rfe1 Nd5 26. Bg4 Qd3 27. Qxb7 Bf5 28. g6 fxg6 29. Bxf5 gxf5 30. Be5 Qe3+ 31. Kg2 Rxe5 32. dxe5 Re8 33. Qxc6 Nf4+ 34. Kg3 Re6 35. Qa4 Nh5+ 36. Kg2 Kh7 0-1

[Event "St Petersburg Botvinnik Memorial op"]
[Site "St Petersburg"]
[Date "2012.09.02"]
[Round "9"]
[White "Kabanov, Nikolai"]
[Black "Rjanova, Valery"]
[Result "1/2-1/2"]
[WhiteElo "2501"]
[BlackElo "2208"]
[PlyCount "148"]
[EventDate "2012.08.25"]
[EventType "swiss"]
[EventRounds "9"]
[EventCountry "RUS"]
[SourceTitle "CBM 150 Extra"]
[Source "ChessBase"]
[SourceDate "2012.10.19"]
[SourceVersion "1"]
[SourceVersionDate "2012.10.19"]
[SourceQuality "1"]

1. e4 c5 2. Nf3 g6 3. Nc3 Bg7 4. g3 Nc6 5. Bg2 Rb8 6. 0-0 b5 7. a3 d6 8. d3 a5 9. Nh4 Nf6 10. f4 Bd7 11. f5 Nd4 12. Ne2 b4 13. Nxd4 cxd4 14. axb4 axb4 15. b3 Qb6 16. g4 0-0 17. g5 Ne8 18. Qf3 Rc8 19. Rf2 Rc5 20. Bh3 Qc6 21. Ra2 Qc8 22. Kg2 Qc6 23. Bd2 Rxc2 24. Rxc2 Qxc2 25. f6 Bxh3+ 26. Qxh3 exf6 27. gxf6 Nxf6 28. Bg5 Qc5 29. Nf5 gxf5 30. Rxf5 Qc2+ 31. Rf2 Qxb3 32. Bxf6 Bxf6 33. Rxf6 Kh8 34. Qf3 Qc2+ 35. Kh3 Qc8+ 36. Kh4 Qd7 37. Qf2 Rg8 38. Rf5 Qe7+ 39. Kh5 Rg6 40. Qxd4+ f6 41. Qxb4 Qe8 42. Kh4 Rh6+ 43. Kg3 Qg6+ 44. Kf4 Rh4+ 45. Ke3 Qg1+ 46. Kd2 Rxh2+ 47. Kc3 Qe1+ 48. Kc4 Rc2+ 49. Kb5 Qa1 50. Qxd6 Qb1+ 51. Ka6 Ra2+ 52. Ra5 Rxa5+ 53. Kxa5 Kg7 54. Qd7+ Kg6 55. Qd5 h5 56. d4 Qe1+ 57. Kb6 Qf2 58. Kc6 h4 59. Qg8+ Kh5 60. Qh7+ Kg5 61. d5 Qc2+ 62. Kd6 Qc8 63. Qg7+ Kh5 64. Qf7+ Kg4 65. Qe6+ Qxe6+ 66. dxe6 h3 67. e7 h2 68. e8Q h1Q 69. Qb5 Kf4 70. Qf5+ Ke3 71. Qc5+ Kf4 72. Qf5+ Ke3 73. Kd5 Qd1+ 74. Ke6 Qa1 1/2-1/2

[Event "St Petersburg Botvinnik Memorial op"]
[Site "St Petersburg"]
[Date "2012.09.01"]
[Round "8"]
[White "Rjanova, Valery"]
[Black "Mikhailov, Ivan"]
[Result "1-0"]
[WhiteElo "2208"]
[BlackElo "2026"]
[PlyCount "71"]
[EventDate "2012.08.25"]
[EventType "swiss"]
[EventRounds "9"]
[EventCountry "RUS"]
[SourceTitle "CBM 150 Extra"]
[Source "ChessBase"]
[SourceDate "2012.10.19"]
[SourceVersion "1"]
[SourceVersionDate "2012.10.19"]
[SourceQuality "1"]

1. e4 c5 2. Nf3 e6 3. d4 cxd4 4. Nxd4 Nc6 5. Nc3 d6 6. Be2 Nf6 7. 0-0 Be7 8. Be3 0-0 9. Kh1 a6 10. f4 Qc7 11. Qe1 Nxd4 12. Bxd4 b5 13. a3 Bb7 14. Qg3 g6 15. Bd3 e5 16. fxe5 Nh5 17. Qf2 dxe5 18. Be3 Bd6 19. Rad1 f6 20. Bxb5 Bxa3 21. Bb6 Qc8 22. Bd7 Qc4 23. Ba4 Kh8 24. Bb3 Qc8 25. bxa3 Qxc3 26. Bc5 Rfc8 27. Be7 Rf8 28. Bb4 Qc7 29. Bxf8 Rxf8 30. Bd5 Nf4 31. Bxb7 Qxb7 32. Rfe1 Qb2 33. Rd7 Qxa3 34. Qa7 Ne6 35. Rxh7+ Kg8 36. Rh3 1-0

[Event "St Petersburg Botvinnik Memorial op"]
[Site "St Petersburg"]
[Date "2012.08.31"]
[Round "7"]
[White "Yakupova, Aysyla"]
[Black "Rjanova, Valery"]
[Result "1/2-1/2"]
[WhiteElo "2116"]
[BlackElo "2208"]
[PlyCount "84"]
[EventDate "2012.08.25"]
[EventType "swiss"]
[EventRounds "9"]
[EventCountry "RUS"]
[SourceTitle "CBM 150 Extra"]
[Source "ChessBase"]
[SourceDate "2012.10.19"]
[SourceVersion "1"]
[SourceVersionDate "2012.10.19"]
[SourceQuality "1"]

1. e4 c5 2. Nf3 d6 3. Bb5+ Bd7 4. Bxd7+ Qxd7 5. 0-0 Nc6 6. d4 cxd4 7. Nxd4 Nf6 8. Re1 g6 9. Nc3 Bg7 10. Nf3 0-0 11. Bg5 h6 12. Bh4 Rac8 13. Nd5 Nh5 14. c3 g5 15. Bg3 Nxg3 16. hxg3 b5 17. Qd2 Rfd8 18. Ne3 e6 19. Rac1 Qb7 20. Qe2 Na5 21. Nc2 Nc6 22. Ncd4 a6 23. a3 Qb6 24. Nxc6 Rxc6 25. Qe3 Qxe3 26. Rxe3 Kf8 27. Rd1 Ke7 28. g4 a5 29. a4 Rb6 30. Nd2 Rc8 31. Kf1 Rc4 32. Ke2 Rb8 33. Kf3 Rh8 34. Rh1 Rd8 35. Rd1 Be5 36. g3 Kf6 37. Rd3 Rh8 38. Rh1 Kg6 39. Rh2 Rd8 40. Rh1 Rc7 41. Kg2 Rc4 42. Kf3 Rc7 1/2-1/2

[Event "St Petersburg Botvinnik Memorial op"]
[Site "St Petersburg"]
[Date "2012.08.28"]
[Round "4"]
[White "Rjanova, Valery"]
[Black "Khalifman, Alexander"]
[Result "0-1"]
[WhiteElo "2208"]
[BlackElo "2621"]
[PlyCount "44"]
[EventDate "2012.08.25"]
[EventType "swiss"]
[EventRounds "9"]
[EventCountry "RUS"]
[SourceTitle "CBM 150 Extra"]
[Source "ChessBase"]
[SourceDate "2012.10.19"]
[SourceVersion "1"]
[SourceVersionDate "2012.10.19"]
[SourceQuality "1"]

1. e4 g6 2. d4 Bg7 3. Nc3 d6 4. Bg5 Nd7 5. f4 c5 6. dxc5 Nxc5 7. Qd2 Nf6 8. Bd3 0-0 9. Nf3 b5 10. 0-0 b4 11. Bxf6 Bxf6 12. Nd5 Bxb2 13. Rab1 Bg7 14. Rxb4 e6 15. Ne3 a5 16. Rbb1 Bb7 17. Nc4 Bxe4 18. Be2 d5 19. Nce5 Qc7 20. Rb5 Bxf3 21. Bxf3 Bxe5 22. fxe5 Nd7 0-1

[Event "Voronezh op 16th"]
[Site "Voronezh"]
[Date "2012.06.19"]
[Round "7"]
[White "Rjanova, Valery"]
[Black "Gusarov, Grigory"]
[Result "1/2-1/2"]
[WhiteElo "2223"]
[BlackElo "2349"]
[PlyCount "92"]
[EventDate "2012.06.12"]
[EventType "swiss"]
[EventRounds "9"]
[EventCountry "RUS"]
[SourceTitle "CBM 149 Extra"]
[Source "ChessBase"]
[SourceDate "2012.08.24"]
[SourceVersion "1"]
[SourceVersionDate "2012.08.24"]
[SourceQuality "1"]

1. e4 e5 2. Nf3 Nf6 3. Nxe5 d6 4. Nf3 Nxe4 5. Nc3 Nxc3 6. dxc3 Be7 7. Be3 Nd7 8. Qd2 Ne5 9. Be2 Be6 10. Nd4 Bc4 11. Nf5 g6 12. Nxe7 Qxe7 13. 0-0-0 Bxe2 14. Qxe2 Nc6 15. Qg4 h5 16. Qa4 0-0-0 17. Rhe1 a6 18. c4 Qh4 19. g3 Qxh2 20. b4 Qh3 21. b5 Nb8 22. Bd4 Rhf8 23. Re7 Rd7 24. Rde1 Rfd8 25. Bf6 Rxe7 26. Bxe7 Rg8 27. b6 Nc6 28. Bg5 Qf5 29. Bf4 g5 30. Be3 h4 31. bxc7 h3 32. Qa3 Qf3 33. Qxd6 h2 34. Rd1 Qxd1+ 35. Qxd1 Rh8 36. Qh1 g4 37. Bg5 Rh3 38. Bf4 Nd4 39. Kb2 Ne6 40. Be5 Rh5 41. Bf6 Rh3 42. Be5 Rh5 43. Bd6 Nd4 44. Qe4 Ne6 45. Qh1 Nd4 46. Qe4 Ne6 1/2-1/2

[Event "Voronezh op 16th"]
[Site "Voronezh"]
[Date "2012.06.18"]
[Round "6"]
[White "Demianjuk, Alexander"]
[Black "Rjanova, Valery"]
[Result "1-0"]
[WhiteElo "2300"]
[BlackElo "2223"]
[PlyCount "120"]
[EventDate "2012.06.12"]
[EventType "swiss"]
[EventRounds "9"]
[EventCountry "RUS"]
[SourceTitle "CBM 149 Extra"]
[Source "ChessBase"]
[SourceDate "2012.08.24"]
[SourceVersion "1"]
[SourceVersionDate "2012.08.24"]
[SourceQuality "1"]

1. d4 Nf6 2. c4 e6 3. Nf3 Bb4+ 4. Bd2 Qe7 5. g3 Bxd2+ 6. Qxd2 0-0 7. Bg2 d6 8. Nc3 e5 9. 0-0 Nc6 10. Nd5 Qd8 11. dxe5 Nxe5 12. Nxe5 dxe5 13. Rfd1 c6 14. Nxf6+ Qxf6 15. Qb4 a5 16. Qb6 Qe7 17. Rd2 Qb4 18. Qe3 Qxc4 19. Qxe5 a4 20. Rd4 Qe6 21. Qh5 Qf6 22. Rad1 Be6 23. a3 Rfd8 24. Qa5 Re8 25. Qb4 Bb3 26. R1d2 Qe7 27. Qxe7 Rxe7 28. Rd8+ Re8 29. Rxa8 Rxa8 30. Rd7 Rb8 31. f4 Kf8 32. Bh3 Re8 33. Kf2 Re7 34. Rd8+ Re8 35. Rd4 Bc2 36. e3 Re4 37. Rd2 Rc4 38. Rd8+ Ke7 39. Rd7+ Kf6 40. Bf1 Rc5 41. Rxb7 Bb3 42. Bd3 Rc1 43. e4 Rh1 44. Bf1 Rxh2+ 45. Bg2 Rh6 46. Rc7 g5 47. Rxc6+ Kg7 48. Rxh6 Kxh6 49. Bh3 gxf4 50. gxf4 Be6 51. Bf1 Kh5 52. Kg3 Bg4 53. Bc4 Be6 54. Be2+ Kh6 55. Bd1 Bd7 56. b3 Bc6 57. e5 Be4 58. bxa4 Kg6 59. a5 Bd3 60. Bf3 Ba6 1-0